Statistics for Final Fantasy VII

Click here to take the quiz!

General Stats

  • This quiz has been taken 2,569 times
    (2,568 since last reset)
  • The average score is 28 of 42

Answer Stats

HintAnswer% Correct
Who is the protagonist?Cloud Strife
100%
Who has a gun for an arm?Barret Wallace
96%
Who is the protagonist's childhood friend?Tifa Lockhart
96%
Who is the villain?Sephiroth
95%
What flower girl operates out of an abandoned church?Aerith Gainsborough
93%
What chainsmoking pilot dreams of being an astronaut?Cid Highwind
85%
What magical item is made from ^?Materia
85%
What technologically advanced city do they live in?Midgar
85%
What sentient canine-like creature is the last of his kind?Red XIII
83%
What kind of energy is Shinra dangerously mining?Mako
82%
Who is found in a coffin in the Shinra Mansion?Vincent Valentine
82%
What rebel group is fighting the Shinra Corporation?AVALANCHE
81%
What elite fighting group were the protagonist and villain part of?SOLDIER
80%
What spunky ninja is a descendent of Shinobi?Yuffie Kisaragi
80%
Who is the villain's "mother?"Jenova
78%
Whose memories was the protagonist infused with?Zack Fair
78%
What platform was Final Fantasy VII originally released on?Sony Playstation
77%
What year was Final Fantasy VII released?1997
73%
What double agent commands a giant stuffed moogle with a megaphone?Cait Sith
71%
What little girl did ^ adopt?Marlene
71%
What is the world's greatest amusement park?Golden Saucer
68%
What organization recruits for ^?The Turks
66%
What is the protagonist's first sword called?Buster Sword
63%
What term refers to the living energy of the planet?Lifestream
63%
What is the villain's planet-destroying spell called?Meteor
63%
Ruby Weapon
61%
Name all four members of ^.Reno
60%
Emerald Weapon
59%
What is the protagonist's hometown?Nibelheim
59%
Rude
56%
Who is the villain's biological father?Professor Hojo
55%
What is the only spell capable of countering ^?Holy
50%
What seven massive robot-like creatures does the planet call upon to protect it?Diamond Weapon
49%
By what name did the ancents refer to themselves?Cetra
46%
Elena
46%
Tseng
46%
Ultimate Weapon
41%
Who composed the music for Final Fantasy VII?Nobuo Uematsu
40%
Sapphire Weapon
40%
Where does the dramatic exit of the protagonist's love interest take place?City of the Ancients
32%
Omega Weapon
21%
Jade Weapon
11%

Score Distribution

Percentile by Number Answered

Percent of People with Each Score

Your Score History

You have not taken this quiz since the last reset